000 00462nam a2200157 i 4500
001 72012
003 ES-MaACL
005 20230906171312.0
007 t|
008 040823s1918 sp ||||1| spa d
100 1 _aGil de Fagoaga, Lucio.
_956794
245 1 3 _aLa relación de Derecho
_b: su naturaleza y clasificación /
_cLucio Gil de Fagoaga.
260 _aMadrid :
_b[s.n.,
_c1918] (
_fHelénica)
300 _a176 p. ;
_c20 cm.
852 _aES-MaACL
_jF-12404
999 _c72012
_d72012